000 00703cam a2200217 a 4500
001 000018969
005 20200929165906.0
008 690227s1969 nju 001 0 eng d
020 _a0132162008
040 _aDO-SdBNP
_beng
_cLC
_dBNPHU
050 0 0 _aE851
_b.E5
082 _ann*
_bE58d
100 1 _aEnglish, David.
_940810
245 1 0 _aDivided they stand /
_cDavid English y el personal del Daily Express de Londres.
260 _aEnglewood Cliffs, NewJork :
_bPrentice-Hall,
_c1969.
300 _ax, 428 p. ;
_c24 cm.
650 0 _aPresidents
_zUnited States
_xElection
_y1968.
_940811
730 0 _aDaily express (London, England)
_940812
910 _aCatalogación derivada / LC
049 _aBNGR
999 _c18487
_d18487